000 00407nam a2200133Ia 4500
008 230907s9999||||xx |||||||||||||| ||und||
082 _a813.6
_bCLA
100 _aClare, Cassandra.
_968656
245 0 _aCity of fallen angels /
260 _aWalker Books,
_bNew York :
_c2011
300 _a424 p. ;
650 _aJuvenile fiction. English Literature Juvenile fiction. Juvenile fiction.
_9115831
942 _cBK
999 _c599819
_d599819